Regional report (Record no. 80413)

MARC details
000 -LEADER
fixed length control field 00794cab a22002055a 4500
001 - CONTROL NUMBER
control field L144273
008 - FIXED-LENGTH DATA ELEMENTS--GENERAL INFORMATION
fixed length control field 080704e20080704xxkao f 000 0 eng d
035 ## - SYSTEM CONTROL NUMBER
System control number (Sirsi) u144273
041 0# - LANGUAGE CODE
Language code of text/sound track or separate title eng
100 1# - MAIN ENTRY--PERSONAL NAME
Personal name Duxbury, Nick
245 00 - TITLE STATEMENT
Title Regional report
Remainder of title Hampshire, Dorset and Wiltshire
260 ## - PUBLICATION, DISTRIBUTION, ETC.
Date of publication, distribution, etc. 2008
490 #0 - SERIES STATEMENT
Series statement Property Week
Volume/sequential designation 73(27) 4 July 2008, 93-101(6)
520 ## - SUMMARY, ETC.
Summary, etc. Reports news and deals from around the region.Reports on how the market for beach huts is hotting up. Reports on a mixed-use development at Solstice Park on the A303 junction. Reports on speculative office development schemes in Southampton.
590 ## - LOCAL NOTE (RLIN)
Local note KA
651 #4 - SUBJECT ADDED ENTRY--GEOGRAPHIC NAME
Geographic name Hampshire
651 #4 - SUBJECT ADDED ENTRY--GEOGRAPHIC NAME
Geographic name South West (England)
Chronological subdivision 1994-
690 ## - LOCAL SUBJECT ADDED ENTRY--TOPICAL TERM (OCLC, RLIN)
Topical term or geographic name as entry element PROPERTY-COMMERCIAL PROPERTY-COMMERCIAL PROPERTY MARKET
942 ## - ADDED ENTRY ELEMENTS (KOHA)
Suppress in OPAC 0
Holdings
Withdrawn status Lost status Source of classification or shelving scheme Damaged status Not for loan Home library Current library Shelving location Date acquired Total Checkouts Full call number Barcode Date last seen Copy number Price effective from Koha item type
    Dewey Decimal Classification     London London Journal article 08/07/2008   L144273 144273-1001 06/08/2019 1 06/08/2019 Journal article